Góngora en América y el Lunarejo y Góngora (Registro nro. 36208)
[ vista simple ]
| 000 -CABECERA | |
|---|---|
| Longitud fija campo de control | 01144nam a2200349Ia 4500 |
| 001 - NÚMERO DE CONTROL | |
| Número de control | 398412 |
| 003 - IDENTIFICADOR DEL NÚMERO DE CONTROL | |
| Identificador del número de control | EC-QuCCB |
| 005 - FECHA Y HORA DE LA ÚLTIMA TRANSACCIÓN | |
| Fecha y hora de la última transacción | 20220630151225.0 |
| 006 - CÓDIGOS DE INFORMACIÓN DE LONGITUD FIJA--CARACTERÍSTICAS DEL MATERIAL ADICIONAL | |
| Códigos de información de longitud fija - Características del material adicional | a||||gr|||| 010 ed |
| 007 - CAMPO FIJO DE DESCRIPCIÓN FÍSICA--INFORMACIÓN GENERAL | |
| Campo fijo de descripción física | ta |
| 008 - DATOS DE LONGITUD FIJA--INFORMACIÓN GENERAL | |
| Códigos de información de longitud fija | 130917s1927 ec go 010 edspa d |
| 040 ## - FUENTE DE LA CATALOGACIÓN | |
| Centro catalogador de origen | EC-QuCCB |
| 041 0# - CÓDIGO DE LENGUA | |
| Código de lengua del texto;banda sonora o título independiente | spa |
| 043 ## - CÓDIGO DE ÁREA GEOGRÁFICA | |
| Código de área geográfica | s |
| 082 0# - NÚMERO DE LA CLASIFICACIÓN DECIMAL DEWEY | |
| Número de clasificación | 928 |
| Número de la edición | G638 |
| 100 ## - ENTRADA PRINCIPAL--NOMBRE DE PERSONA | |
| Nombre de persona | Sánchez, Luis Alberto, |
| Fechas asociadas con el nombre | 1900-1994 |
| 9 (RLIN) | 7415 |
| 245 10 - MENCIÓN DE TÍTULO | |
| Título | Góngora en América y el Lunarejo y Góngora |
| Mención de responsabilidad, etc. | por Luis Alberto Sánchez |
| 260 ## - PUBLICACIÓN, DISTRIBUCIÓN, ETC. (PIE DE IMPRENTA) | |
| Lugar de publicación, distribución, etc. | Quito, Ecuador : |
| Nombre del editor, distribuidor, etc. | Imprenta Nacional, |
| Fecha de publicación, distribución, etc. | 1927 |
| 300 ## - DESCRIPCIÓN FÍSICA | |
| Extensión | 38 páginas ; |
| Dimensiones | 22 cm |
| 336 ## - TIPO DE CONTENIDO | |
| Content type term | texto |
| Content type code | txt |
| 337 ## - TIPO DE MEDIO | |
| Media type term | no mediado |
| Media type code | n |
| 338 ## - TIPO DE PORTADOR | |
| Carrier type term | volumen |
| Carrier type code | nc |
| 490 ## - MENCIÓN DE SERIE | |
| Mención de serie | Publicaciones de la Biblioteca Nacional de Quito |
| 504 ## - NOTA DE BIBLIOGRAFÍA, ETC. | |
| Nota de bibliografía, etc. | Bibliografía : páginas 37-38 |
| 505 0# - NOTA DE CONTENIDO CON FORMATO | |
| Nota de contenido con formato preestablecido | El conceptismo y el culteranismo en la vida colonial americana, Góngora y el Lunarejo, |
| 590 ## - NOTA LOCAL (RLIN) | |
| Nota local | jcc |
| 600 1# - PUNTO DE ACCESO ADICIONAL DE MATERIA--NOMBRE DE PERSONA | |
| Nombre de persona | Góngora y Argote, Luis de, |
| 9 (RLIN) | 3137 |
| Fechas asociadas al nombre | 1561-1627 |
| 650 #4 - PUNTO DE ACCESO ADICIONAL DE MATERIA--TÉRMINO DE MATERIA | |
| Nombre de materia o nombre geográfico como elemento de entrada | Escritores |
| Subdivisión de materia general | Crítica e interpretación |
| 9 (RLIN) | 18941 |
| Nombre de materia o nombre geográfico como elemento de entrada | Ensayos ecuatorianos |
| 856 ## - LOCALIZACIÓN Y ACCESO ELECTRÓNICOS | |
| Identificador Uniforme del Recurso (URI) | <a href="http://repositorio.casadelacultura.gob.ec/handle/34000/18192">http://repositorio.casadelacultura.gob.ec/handle/34000/18192</a> |
| 942 ## - ELEMENTOS DE PUNTO DE ACCESO ADICIONAL (KOHA) | |
| Fuente de clasificaión o esquema | Dewey Decimal Classification |
| Koha [por defecto] tipo de item | Archivo de Computadora |
| Suprimido | Perdido | Estropeado | No se presta | Localización (Biblioteca) | Localización actual | Fecha adquisición | Fecha última consulta | Identificador uniforme de recurso | Tipo de item de Koha |
|---|---|---|---|---|---|---|---|---|---|
| Disponible | Sin daños | Disponible para préstamo | Biblioteca y Archivo de la CCE | Biblioteca y Archivo de la CCE | 30/06/2022 | 17/09/2013 | http://repositorio.casadelacultura.gob.ec/handle/34000/18192 | Archivo de Computadora |























